| 000 | 01034nam a2200277 a 4500 | ||
|---|---|---|---|
| 001 | 000014580 | ||
| 005 | 20200929163854.0 | ||
| 008 | 100115s1996 ve 000 0 spa d | ||
| 020 | _a9802763144 | ||
| 040 |
_aDO-SdBNP _bspa _cBNPHU |
||
| 082 |
_a868.6 _bM868o |
||
| 100 | 1 |
_aMoron, Guillermo _95372 |
|
| 245 | 1 | 0 |
_aObra escogida / _cGuillermo Moron ; selección y prólogo José Ramón Medina ; cronología y bibliografía Roberto J. Lovera de Sola. |
| 260 |
_aCaracas, Venezuela : _bBiblioteca Ayacucho, _c1996. |
||
| 300 |
_a425 p. ; _c24 cm. |
||
| 490 | 1 |
_aAyacucho _vv. 211 |
|
| 500 | _aIncluye índice | ||
| 504 | _aIncluye referencias bibliográficas y notas al pie de las páginas | ||
| 504 | _aIncluye bibliografías (p. 425-439) | ||
| 600 | 1 | 2 |
_aMORÓN, GUILLERMO _d1926- _vCOLECCIONES DE ESCRITOS _933008 |
| 650 | 4 |
_aLiteratura venezuelana _933009 |
|
| 700 | 1 |
_aMedina, José Ramón, _epról. _95174 |
|
| 700 | 1 |
_aLovera Sola, Roberto J. de, _ebibliog. _933010 |
|
| 830 | 0 |
_aAyacucho _nno. 211 _933011 |
|
| 049 | _aBNPD | ||
| 999 |
_c14166 _d14166 |
||